Σύνθεση αναλόγων των συμπαθομιμητικών αμινών ως και συμπλοκοποίησή τους με λευκόχρυσο (ΙΙ) : προϊόντα από φουράνιο : διδακτορική διατριβή
Saved in:
| Main Author: | |
|---|---|
| Corporate Author: | |
| Format: | Thesis Book |
| Language: | Greek |
| Published: |
Αθήνα :
Ανώτατη Γεωπονική Σχολή, Εργαστήριο Γενικής Χημείας,
1987.
|
| Subjects: | |
| Tags: |
Add Tag
No Tags, Be the first to tag this record!
|
MARC
| LEADER | 00000cam a2200000 i 4500 | ||
|---|---|---|---|
| 001 | 1/13201 | ||
| 008 | 001120s1987 gr | ||| |||| ||gre|| | ||
| 035 | |l 10064524 | ||
| 040 | |a GR-MY-UA |b gre |e aacr | ||
| 041 | 0 | |a gre | |
| 082 | 0 | |a 547 |2 (22) | |
| 100 | 1 | |a Χαρουτουνιάν, Σέρκο Α. | |
| 245 | 1 | 0 | |a Σύνθεση αναλόγων των συμπαθομιμητικών αμινών ως και συμπλοκοποίησή τους με λευκόχρυσο (ΙΙ) : |b προϊόντα από φουράνιο : διδακτορική διατριβή / |c Σέρκο Α. Χαρουτουνιάν ; επιβλέπων Μ. Π. Γεωργιάδης. |
| 260 | |a Αθήνα : |b Ανώτατη Γεωπονική Σχολή, Εργαστήριο Γενικής Χημείας, |c 1987. | ||
| 300 | |a 240 σ. : |b διαγρ. ; πιν. ; |c 30 εκ. | ||
| 502 | |a Διατριβή (διδακτορική) - Ανώτατη Γεωπονική Σχολή, Αθήνα, 1987. | ||
| 504 | |a Περιέχει βιβλιογραφία. | ||
| 650 | 0 | 0 | |a Furans. |
| 650 | 0 | 0 | |a Heterocyclic compounds. |
| 650 | 0 | 0 | |a Heterocyclic chemistry. |
| 650 | 0 | 0 | |a Dissertations, Academic |z Greece. |
| 710 | 2 | |a Ανωτάτη Γεωπονική Σχολή Αθηνών. | |
| 852 | |a INST |b LESVOS |c DIATROTHER |e 20001120 |h 77 |p 005100001144 |q 005100001144 |t PHD |y 23 | ||
| 901 | |a BIBL1-2000-3 | ||
| 909 | |a Λ |b 009604 | ||
| 920 | |a ΓΕΩΡΓΙΑΔΗΣ |b Μ. Π. |y Λέσβος |z 2000-11 | ||
| 970 | |a ΚΑΜΑΤΣΟΥ |b ΔΕΣΠΟΙΝΑ |z 2000/11/20 | ||